Bombay Bicycle Club Songs Using Any Word - Statistics

General Stats
  • This quiz has been taken 13 times
  • The average score is 46 of 92
Answer Stats
Hint Answer % Correct
How We Are How Are You
100%
ADKOF How Can You Swallow So Much Sleep
100%
EEHGW I Can Hardly Speak
100%
IHTBBISTL Cancel On Me
92%
Singles Curl Up Like A Dead Leaf And Go Where The Wind Blows
92%
My Big Day I Want To Be Your Only Pet
92%
EEHGW I Worry Bout You
92%
My Big Day Just A Little More Time
92%
SLSYT So Long, See You Tomorrow
92%
EEHGW Do You Feel Loved?
83%
IHTBBISTL Dust On The Ground
83%
EEHGW Eat, Sleep, Wake (Nothing But You)
83%
SLSYT Eyes Off You
83%
Singles Lose You To Love Me
83%
My Big Day Turn The World On
83%
ADKOF What You Want
83%
EEHGW Let You Go
75%
My Big Day Rural Radio Predicts The Rapture
75%
ADKOF Take The Right One
75%
IHTBBISTL The Hill
75%
Singles To The Bone
75%
Singles You Already Know
75%
Demos 2004-2008 You Made It
75%
SLSYT Carry Me
67%
SLSYT Come To
67%
Singles Glass To Glass
67%
Flaws Ivy & Gold
67%
Demos 2004-2008 Ode To Lucy
67%
Flaws Rinse Me Down
67%
Demos 2004-2008 The Finger
67%
IHTBBISTL The Giantess
67%
ADKOF Your Eyes
67%
IHTBBISTL Always Like This
58%
SLSYT It's Alright Now
58%
My Big Day My Big Day
58%
Flaws My God
58%
My Big Day Tekken 2
58%
Fantasies Better Now
50%
IHTBBISTL Emergency Contraception Blues
50%
SLSYT Feel
50%
Flaws Flaws
50%
IHTBBISTL Ghost
50%
SLSYT Home By Now
50%
ADKOF Shuffle
50%
IHTBBISTL What If
50%
IHTBBISTL Autumn
42%
EEHGW Everything Else Has Gone Wrong
42%
ADKOF Favourite Day
42%
EEHGW Get Up
42%
EEHGW Good Day
42%
ADKOF Leave It
42%
ADKOF Lights Out, Word Gone
42%
IHTBBISTL Magnet
42%
Singles Never Like That
42%
The Boy I Used to Be Open House
42%
SLSYT Overdone
42%
SLSYT Whenever, Wherever
42%
Fantasies Fantasneeze
33%
EEHGW Is It Real
33%
IHTBBISTL Lamplight
33%
SLSYT Luna
33%
Flaws Many Ways
33%
How We Are Maybe More
33%
My Big Day Meditate
33%
Demos 2004-2008 Never Serious
33%
Flaws Word By Word
33%
ADKOF Bad Timing
25%
Singles Beg
25%
ADKOF Beggars
25%
My Big Day Diving
25%
IHTBBISTL Evening / Morning
25%
Flaws Fairytale Lullaby
25%
ADKOF Fracture
25%
Singles Motel Blues
25%
My Big Day Onward
25%
EEHGW People People
25%
The Boy I Used to Be Sixteen
25%
My Big Day Sleepless
25%
ADKOF Still
25%
___ _____ Two Lives
25%
My Big Day Heaven
17%
Flaws Jewel
17%
Flaws Leaving Blues
17%
EEHGW Racing Stripes
17%
Singles Reign Down
17%
Flaws Swansea
17%
Fantasies Willow
17%
Fantasies Blindfold
8%
Singles Dorcas
8%
Demos 2004-2008 Drugs
8%
How We Are Pedestal
8%
Singles Terrapin Station
0%
No matching quizzes found
Score Distribution
Percent of People with Each Score
Percentile by Number Answered
Your Score History
You have not taken this quiz